Christmas creations.

Bibliographic Details
Main Author: Berry, Jane
Format: Book
Language:English
Published: Radnor, Pa. : Chilton Book Co., [1974]
Edition:[1st ed.].
Subjects:

MARC

Tag First Indicator Second Indicator Subfields
LEADER 00000pam a2200000 4500
001 in00000094361
005 20150927110435.0
008 740621s1974 paua 00000 eng
010 |a  74012214  
020 |a 0801961416 
020 |a 0801961424 (pbk.) 
035 |a (OCoLC)00960287 
035 |9 AAL6226AM 
037 |c $12.50 
040 |a DLC  |c DLC  |d TXA  |d UtOrBLW 
049 |a TXAM  |c [1338193] 
050 0 0 |a TT900.C4  |b B47 
082 0 |a 745.59/41 
090 |a TT900.C4  |b B47 1974 
100 1 |a Berry, Jane. 
245 1 0 |a Christmas creations. 
250 |a [1st ed.]. 
264 1 |a Radnor, Pa. :  |b Chilton Book Co.,  |c [1974] 
300 |a xiii, 144 pages :  |b illustrations ;  |c 27 cm. 
336 |a text  |b txt  |2 rdacontent 
337 |a unmediated  |b n  |2 rdamedia 
338 |a volume  |b nc  |2 rdacarrier 
650 0 |a Christmas decorations. 
999 |a MARS 
999 f f |s a0a31960-ac5c-39b7-bd35-d4e4b7f44b62  |i de4180bd-b8ff-3f19-af08-f805980a51f6  |t 0 
952 f f |p ric  |a Texas A&M University  |b Rellis Campus  |c Joint Library Facility  |d Remote Storage  |t 0  |e TT900.C4 B47 1974  |h Library of Congress classification  |i unmediated -- volume  |m A14805667244 
998 f f |a TT900.C4 B47 1974  |t 0  |l Remote Storage